Canada / (Record no. 290293)
[ view plain ]
| 000 -LEADER | |
|---|---|
| fixed length control field | 00306nam a2200121Ia 4500 |
| 008 - FIXED-LENGTH DATA ELEMENTS--GENERAL INFORMATION | |
| fixed length control field | 160114s9999 xx 000 0 und d |
| 020 ## - INTERNATIONAL STANDARD BOOK NUMBER | |
| International Standard Book Number | 0-439045738 |
| 050 ## - LIBRARY OF CONGRESS CALL NUMBER | |
| Classification number | 971 |
| 050 ## - LIBRARY OF CONGRESS CALL NUMBER | |
| Item number | .C223 1999 |
| 100 ## - MAIN ENTRY--PERSONAL NAME | |
| Personal name | Canizares, Susan. |
| 245 ## - TITLE STATEMENT | |
| Title | Canada / |
| Statement of responsibility, etc | Susan Canizares. |
| 260 ## - PUBLICATION, DISTRIBUTION, ETC. (IMPRINT) | |
| Place of publication, distribution, etc | USA |
| Name of publisher, distributor, etc | Scholastic Inc. |
| Date of publication, distribution, etc | 1999 |
| Withdrawn status | Lost status | Damaged status | Home library | Current library | Shelving location | Date acquired | Total Checkouts | Full call number | Date last seen | Price effective from | Koha item type |
|---|---|---|---|---|---|---|---|---|---|---|---|
| Stonyhurst Southville International School (Batangas) | Stonyhurst Southville International School (Batangas) | Grade School Section | 01/14/2016 | 971 .C223 1999 | 01/14/2016 | 01/14/2016 | Books |